Match the song to the YouTube comment - Statistics

General Stats
  • This quiz has been taken 10 times
  • The average score is 4 of 15
Answer Stats
Hint Answer % Correct
"This is a very problematic song. Where I live, there are no wells." Borat: In my country there is problem
67%
"It was year 1986, I was serving in the Soviet army, we were marching and the commanding officer said that now it is our turn to pick a song and we started to sing ___" Beatles: Yellow submarine
44%
"I tried to explain this song to my 26yr/old daughter. I failed. My 3yr/old grand daughter loved it." Beatles: I am the walrus
33%
"TheeTube" Medieval Music - 'hardcore' party mix
33%
"Come to the US please 🙏 I love your music" Beethoven: Moonlight sonata
22%
"Some engagement post on X asked, 'name a song with an animal in the title';
I went with this"
Carcass: Cadaveric incubator of endoparasites
22%
"This is the first song I learned on the piano because I have no piano" John Cage: 4'33"
22%
"This song makes me want to fight every element in the periodic table" Ministry: Stigmata
22%
"We live on a large piece of property, 1133 acres surrounded by trees, some pastures. When alone, i take my guitar and amp into the front yard and sing this" Nirvana: Big long now
22%
"These guys are masters in the art of beef warfare" Kyuss: Beginning of what's about to happen
11%
"One time I tore one of my neck muscles while headbanging to this song and couldn't move my head for a week. I REGRET NOTHING" Ministry: Jesus built my hotrod
11%
"Fun fact mixing cat food and common dish soap is a fun and creative way to create liquid napalm" Pavement: Grave architecture
11%
"He touched so many!" Rolf Harris: Two little boys
11%
"This song has stuck with me for decades because it's quite possibly the worst song I've ever heard" Sonic Youth: Panty lies
11%
"Sniffin glue back in the day at ma pal Dave's hoose" Stiff Little Fingers: Wasted life
11%
No matching quizzes found
Score Distribution
Percent of People with Each Score
Percentile by Number Answered
Your Score History
You have not taken this quiz